| 000 | 00710nam a22002297a 4500 | ||
|---|---|---|---|
| 999 |
_c3873 _d3873 |
||
| 003 | AR-CdUCM | ||
| 008 | 190307b ||||| |||| 00| 0 spa d | ||
| 040 |
_aMUNICIPALIDAD PROVINCIAL DEL CUSCO _cBIBLIOTECA MUNICIPAL DEL CUSCO |
||
| 082 |
_a869.508 / _bR63 |
||
| 100 |
_aRíos, Juan _912443 |
||
| 245 |
_aAyar Manko : _bTeatro / |
||
| 260 |
_aLima : _bComisión Nacional de Cultura, _c1963. |
||
| 300 |
_a171 páginas ; _c18 cm. |
||
| 440 |
_aComisión Nacional de Cultura _912444 |
||
| 500 | _aDonación de la familia de Luis Nieto | ||
| 505 | _aContenido: Teatro Inca. | ||
| 650 |
_aTeatro Inca _912445 |
||
| 650 |
_aHermanos _92998 |
||
| 650 |
_aSacerdote _93919 |
||
| 942 |
_2ddc _cLIBROS |
||
| 945 | _adavv | ||